000 01149nam0a22002891 4500
001 rc\3639263
005 20130115145345.5
021 _aRU
_b73-ОЭ-3581/28
021 _aRU
_bРг11502-73
035 _a(NLR Aleph) 007727857
090 _a7022750
_c7022750
100 _a20130115d1972 |||y0rusy50 ca
101 0 _arus
102 _aRU
105 _ay z |||||
200 1 _aМетодическое пособие по переводу немецкой научно-технической литературы для студентов-заочников
_fМ-во высш. и сред. спец. образ. РСФСР. Иркут. политехн. ин-т. Кафедра нем. яз.
210 _aИркутск
_cБ. и.
_d1972
215 _a74 с.
_d19
300 _aНа обороте тит. л. сост.: Димке Е.К.
320 _aБиблиогр.: с. 73
702 1 _aДимке
_bЕ. К.
_4220
712 0 2 _aИркутский политехнический институт
_3RU\NLR\AUTH\889933239
801 0 _aRU
_bNLR
_gpsbo
801 1 _aRU
_bELAR
_2rusmarc
852 _aNLR
_j73-4/21524
942 _cBOOK
980 _aNB